000 00553nam a2200169 a 4500
003 PILC
005 20150112093441.0
008 100728s19uu xx 00 eng d
050 _aDS 664
_b.D881 2000
082 _aSFf 915.9922
_bD88 2000
100 _aDuldulao, Manuel D.
_918972
245 _aPasig city :
_bPortrait of a new Metropolis /
_cManuel D. Duldulao
260 _aMakati City, Philippines :
_bJapuzinni Publishing Division,
_c2000.
300 _a263 pages :
_bcolored illustration ;
_c27 cm.
650 _aPasig City
_918973
942 _2lcc
_cBK
999 _c14751
_d14751